Astrology Tile Select Quiz - Statistics

General Stats
  • This quiz has been taken 370 times
  • The average score is 58 of 64
Answer Stats
Question Tile Select % Correct
Which of these are water signs? Leo No
98%
Which of these are fire signs? Pisces No
98%
Which of these are fire signs? WTH No
98%
Which of these are fire signs? Aquarius No
97%
Which of these are fire signs? Idk No
97%
Which of these are water signs? Taurus No
97%
Which of these are water signs? Why????????? No
97%
Which of these are Earth signs? Yes No
97%
Which of these are fire signs? Cancer No
96%
Which of these are fire signs? Gemini No
96%
Which of these are Earth signs? Idk No
96%
Which of these are water signs? I don’t wanna do this No
96%
Which of these are air signs? Leo No
96%
Which of these are fire signs? Libra No
96%
Which of these are Earth signs? Mars sign No
96%
Which of these are air signs? Pisces No
96%
Which of these are water signs? Sagittarius No
96%
Which of these are fire signs? Taurus No
96%
Which of these are fire signs? Virgo No
96%
Which of these are water signs? Aries No
95%
Which of these are water signs? Capricorn No
95%
Which of these are fire signs? Lava sign No
95%
Which of these are water signs? Libra No
95%
Which of these are air signs? Microwave No
95%
Which of these are water signs? Ocean sign No
95%
Which of these are Earth signs? Pisces No
95%
Which of these are air signs? Taurus No
95%
Which of these are water signs? Virgo No
95%
Which of these are Earth signs? Aquarius No
94%
Which of these are air signs? Aries No
94%
Which of these are air signs? Cancer No
94%
Which of these are fire signs? Capricorn No
94%
Which of these are air signs? CO2 sign No
94%
Which of these are water signs? Gemini No
94%
Which of these are air signs? Scorpio No
94%
Which of these are air signs? Water is good for you No
94%
Which of these are Earth signs? Cancer No
93%
Which of these are Earth signs? Aries No
91%
Which of these are air signs? Capricorn No
91%
Which of these are Earth signs? Gemini No
91%
Which of these are Earth signs? Libra No
91%
Which of these are Earth signs? Sagittarius No
91%
Which of these are Earth signs? Leo No
90%
Which of these are air signs? Sagittarius No
90%
Which of these are Earth signs? Scorpio No
90%
Which of these are water signs? Pisces Yes
89%
Which of these are fire signs? Scorpio No
89%
Which of these are Earth signs? Taurus Yes
89%
Which of these are air signs? Virgo No
89%
Which of these are fire signs? Aries Yes
86%
Which of these are fire signs? Leo Yes
86%
Which of these are air signs? Air sign No
84%
Which of these are water signs? Cancer Yes
84%
Which of these are fire signs? Fire sign No
84%
Which of these are water signs? Water sign No
84%
Which of these are water signs? Aquarius No
83%
Which of these are Earth signs? Earth sign No
83%
Which of these are air signs? Libra Yes
82%
Which of these are Earth signs? Virgo Yes
82%
Which of these are Earth signs? Capricorn Yes
81%
Which of these are air signs? Gemini Yes
80%
Which of these are fire signs? Sagittarius Yes
79%
Which of these are air signs? Aquarius Yes
76%
Which of these are water signs? Scorpio Yes
76%
No matching quizzes found
Score Distribution
Percent of People with Each Score
Percentile by Number Answered
Your Score History
You have not taken this quiz